Регионална библиотека "Любен Каравелов" - Русе

Манфред (Запис номер 33701)

MARC детайли
000 -Лидер
Контролно поле с фиксирана дължина 02660nam a2200469 c 4500
003 - Код на организацията, давaща контролен номер
Контролно поле BLK
005 - Дата и час на последна редакция
Контролно поле 20230406030256.0
008 - Елементи от данни с фиксирана дължина
fixed length control field 180408b bul|||||r ||||||| ||bul||
010 ## - Наследен системен номер
LC control number KNG00036392000
020 ## - Международен стандартен номер на книга ISBN
Международен стандартен номер на книга ISBN 954-516-304-6
-- издат.: Летера
040 ## - Източник на каталожния запис
Идентификатор на билиотеката - собственик на записа BLK
041 ## - Код за език
Код за езика на текст/звукозапис или на отделно заглавие Български
Код за езика КДБФ Български
Други езици Английски
080 ## - УДК
Текстов определител УДК Английска литература
УДК код - определител по УДК 821.111
УДК определител -1
УДК - код + определител 821.111-1
080 ## - УДК
Текстов определител УДК Английска литература
УДК код - определител по УДК 821.111
УДК определител -1.09
УДК - код + определител 821.111-1.09
080 ## - УДК
Текстов определител УДК Английска литература
УДК код - определител по УДК 821.111
УДК определител (092)
УДК - код + определител 821.111(092)
080 ## - УДК
Текстов определител УДК Британски поет-романтик
УДК код - определител по УДК 929 Байрон, Джордж Гордън Ноуъл
УДК определител
УДК - код + определител 929 Байрон, Джордж Гордън Ноуъл
100 1# - Редна дума - Автор
Автор Байрон, Джордж Гордън Ноуъл
Авторска отговорност първи автор
R(LIN) 273180
139 ## - Редно поле
Редна дума Байрон, Джордж Гордън Ноел
Авторски знак Баир - Б 15
245 10 - Сведения за заглавието
Заглавие Манфред
Подзаглавни данни Драм. поема
Редно поле (дума) Джордж Гордън Ноуъл Байрон; състав. и комент. Клео Стефанова Протохристова; прев. Людмил Стоянов; прев. Мария Грубешлиева; прев. Гео Милев; прев. Кирил Христов.
246 11 - Различни форми на заглавието
Паралелно заглавие Manfred
257 ## - Страна на издаване
Страна на създаване/издаване България
260 ## - Област на издателските данни
-- Пловдив
Име на издателя, разпространителя и проч. Летера
Година на издаване 2001
Печатница В. търново : Абагар АД
300 ## - Физическа характеристика
Страници 180 с.
Размери/Мащаб 19 см
380 ## - Жанр
Жанр Худож. лит.
490 1# - СЕРИИ (Колекции)
Име на серия Текст, контекст.
490 1# - СЕРИИ (Колекции)
-- Подсерия
Име на серия Серия Bilingua
500 ## - Общи забележки
Забележка Други прев. : М. Грубешлиева, Г. Милев, К. Христов. - Офс. изд. - Парал. текст на англ. ез. - Съдържа и Биографични данни ; Другите за Манфред и Байрон ; Препоръчителна библиография.
600 14 - Име на лице, използвано като предмет
За него / За нея Байрон, Джордж Гордън Ноуъл
9 (RLIN) 367011
650 #4 - Допълнително описание по предмет – тема
Основно описание – тема или топоним Поезия, английска - теми, образи, сюжети
9 (RLIN) 273183
653 ## - Ключова дума – ненормативна
Ключова дума поеми
653 ## - Ключова дума – ненормативна
Ключова дума Джордж Байрон
700 1# - Други автори (авторска отговорност)
Лично име Протохристова, Клео Стефанова
Автороска отговорност (Описва отношението между автора и произведението) състав. и комент.
9 (RLIN) 366887
700 1# - Други автори (авторска отговорност)
Лично име Стоянов, Людмил
Автороска отговорност (Описва отношението между автора и произведението) прев.
Друга информация Златарев, Георги Стоянов
9 (RLIN) 273181
700 1# - Други автори (авторска отговорност)
Лично име Грубешлиева, Мария
Автороска отговорност (Описва отношението между автора и произведението) прев.
9 (RLIN) 273182
700 1# - Други автори (авторска отговорност)
Лично име Милев, Гео
Друга информация Касабов, Георги Милев
Дати, свързани с автора 1895-1925
9 (RLIN) 363720
852 ## - Местоположение
Форматна сигнатура Цб 208687
856 4# - Електронен адрес и достъп
Електронен формат pdf - файл
Път до файла /url/
856 4# - Електронен адрес и достъп
Електронен формат pdf - файл
Път до файла /url/
942 ## - АРТИКУЛИ
Вид на библиотечния материал Книги
Скрит в OPAC Не
944 ## - СЪЗДАВАНЕ И РЕДАКЦИЯ на ЗАПИСА
Създаване/Редакция Създаване
Дата на регистрацията/редакция 12.05.2003
Служител, извършил регистрацията/редакцията AB_DOS
944 ## - СЪЗДАВАНЕ И РЕДАКЦИЯ на ЗАПИСА
Създаване/Редакция Редакция
Дата на регистрацията/редакция 12.05.2003
Служител, извършил регистрацията/редакцията
999 ## - СИСТЕМНИ КОНТРОЛНИ НОМЕРА
Koha biblionumber 33701
Koha biblioitemnumber 33701
Наличности
Код за отписване Код за изгубен артикул Източник на класификационната схема Код за повреда Коз за рестрикции Код за отдаване Артикулен № Име на библиотеката - собственик Име на библиотеката, в която се намира в момента Статус (Текущо местоположение) Дата на вписване в системата Местоположение - отдел Цена в лева Инвентарен номер Систематично азбучна сигнатура Баркод Номер на екземпляра Цена в евро Служебна бележка Служебен тип на артикула
  Не е изгубен Universal Decimal Classification Не е повреден без рестрикции ползва се в читалня 53664 Регионална библиотека "Любен Каравелов" Русе Регионална библиотека "Любен Каравелов" Русе Хранилище 2001-01-01 Хранилище 5.20 664922 Цб 208687 120000664922 1 2.66 Дост: Dp Вид: Д N: 19 Дата: 01.01.2001 Книги
Vip Innovations Ltd, Rousse, Bulgaria 2025